[Event "Puerto Lopez op"]
[Site "Puerto Lopez"]
[Date "2021.08.01"]
[Round "6"]
[White "Rodriguez, Wil Freddy"]
[Black "Lopez, Uriel"]
[Result "1-0"]
[WhiteElo "1631"]
[BlackElo "1600"]
[PlyCount "81"]
[EventDate "2021.07.31"]
[EventType "swiss"]
[EventRounds "6"]
[EventCountry "COL"]
[SourceTitle "EXT 2022"]
[Source "ChessBase"]
[SourceDate "2021.10.06"]
[SourceVersion "1"]
[SourceVersionDate "2021.10.06"]
[SourceQuality "1"]

1. e4 c5 2. Nf3 Nc6 3. c3 d6 4. d4 cxd4 5. cxd4 Bg4 6. Be2 Qb6 7. d5 Bxf3 8. Bxf3 Ne5 9. Qa4+ Nd7 10. Nc3 a6 11. 0-0 g6 12. Rb1 Bg7 13. Be3 Qd8 14. Rfc1 b5 15. Qb4 Ngf6 16. a4 bxa4 17. Qxa4 0-0 18. Be2 a5 19. Bd4 Qb8 20. f3 Rc8 21. Nb5 Bh6 22. Rc3 Bd2 23. Rxc8+ Qxc8 24. Na7 Qc7 25. Nc6 Kf8 26. Rd1 Bh6 27. b4 Nb6 28. Qb5 Nbd7 29. bxa5 Nb8 30. Bb6 Qb7 31. Nxb8 Rxb8 32. Qc6 Nd7 33. Kf2 Nxb6 34. Rb1 Bg7 35. Rb4 Qa7 36. axb6 Qa5 37. b7 Qc5+ 38. Kf1 f5 39. Rc4 Qa5 40. Qc8+ Qd8 41. Qxb8 1-0